Uplatňovanie princípov cirkulárnej ekonomiky v podniku diplomová práca

Enregistré dans:
Détails bibliographiques
Auteur principal: Mihoková, Paulína Ela
Collectivité auteur: Fakulta podnikového manažmentu EU. Katedra manažmentu výroby a logistiky - zrušená
Autres auteurs: Rakovská, Júlia, 1972-
Format: Livre
Langue:slovaque
Publié: Bratislava 2023
Tags: Ajouter un tag
Pas de tags, Soyez le premier à ajouter un tag!

MARC

LEADER 00000nbm a2200000 4500
001 0293465
005 20240312104512.8
041 0 |a slo 
044 |a SK 
245 1 0 |a Uplatňovanie princípov cirkulárnej ekonomiky v podniku  |b diplomová práca  |c Paulína Ela Mihoková ; školiteľ: Júlia Rakovská 
264 1 |a Bratislava  |c 2023 
300 |a 67 s. 
100 1 |a Mihoková, Paulína Ela 
700 1 |a Rakovská, Júlia, 1972- 
710 2 |a Fakulta podnikového manažmentu EU. Katedra manažmentu výroby a logistiky - zrušená